00375nam a2200145Ia 450000500170000000800410001702000290005804000090008708200150009610000170011124500170012826000500014530000210019552100130021620251208124735.0220714s9999 xx 000 0 und d a9780627019586qPaperback c3228 aTSO F KHOS aKhosa, T.H.  0aMulunguntima aCape Twon:,bJ,L Van Schaik publishers,c1994 a148 pagesc21 cm aChildren